[Event "SVK-ch U12"]
[Site "Liptovsky Mikulas"]
[Date "2017.04.28"]
[Round "9"]
[White "Benicky, Jakub Simon"]
[Black "Vojtko, Patrik Jan"]
[Result "0-1"]
[WhiteElo "1176"]
[BlackElo "1000"]
[PlyCount "50"]
[EventDate "2017.04.22"]
[EventType "swiss"]
[EventRounds "9"]
[EventCountry "SVK"]
[SourceTitle "CBM 178 Extra"]
[Source "ChessBase"]
[SourceDate "2017.06.22"]
[SourceVersion "1"]
[SourceVersionDate "2017.06.22"]
[SourceQuality "1"]

1. d4 e6 2. Nf3 b6 3. c4 Bb7 4. e3 Nf6 5. Bd3 Be7 6. 0-0 d6 7. Nc3 Nbd7 8. Bd2 0-0 9. Rc1 c5 10. Qc2 Rc8 11. Ng5 g6 12. Nge4 cxd4 13. exd4 d5 14. Ng3 dxc4 15. Bxc4 Rxc4 16. Bh6 Rc8 17. Rfe1 Re8 18. Qa4 Bc6 19. Qd1 Bf8 20. Bg5 Bb4 21. Re3 Bxc3 22. bxc3 Bb5 23. Re1 Qc7 24. Qf3 Bc6 25. Qe2 Nd5 0-1